[Event "II liga SSCS 2015- zapad"]
[Site "Ravni Gaj"]
[Date "2015.10.10"]
[Round "10.1"]
[White "Sandic, Vladeta"]
[Black "Misailovic, Nebojsa"]
[Result "1/2-1/2"]
[WhiteElo "2335"]
[BlackElo "2326"]
[PlyCount "46"]
[EventDate "2015.09.04"]

1. d4 Nf6 2. c4 g6 3. Nc3 d5 4. Nf3 Bg7 5. Qb3 dxc4 6. Qxc4 O-O 7. e4 Na6 8.
Be2 c5 9. d5 e6 10. O-O exd5 11. exd5 Bf5 12. Be3 Ne8 13. Rad1 Nd6 14. Qf4 Rc8
15. g4 g5 16. Nxg5 Bg6 17. Nge4 Nxe4 18. Nxe4 Re8 19. Nc3 Be5 20. Qh6 Qd6 21.
Bd3 Bg7 22. Qf4 Be5 23. Qh6 Bg7 1/2-1/2

[Event "II liga SSCS 2015- zapad"]
[Site "Ravni Gaj"]
[Date "2015.10.10"]
[Round "10.1"]
[White "Muratovic, Efim"]
[Black "Vujic, Luka"]
[Result "1-0"]
[WhiteElo "2369"]
[BlackElo "2219"]
[PlyCount "63"]
[EventDate "2015.09.04"]

1. Nf3 Nf6 2. g3 g6 3. Bg2 Bg7 4. O-O O-O 5. c4 d5 6. cxd5 Nxd5 7. Nc3 c5 8.
Qb3 Nb6 9. d3 Be6 10. Qa3 c4 11. Ng5 Bc8 12. Rd1 cxd3 13. Rxd3 Qe8 14. Nd5 Nxd5
15. Bxd5 Nc6 16. Be3 h6 17. Nf3 e6 18. Bb3 Kh7 19. Bc5 Rh8 20. Rad1 b5 21. Bd6
a5 22. Qc5 a4 23. Bc2 Bxb2 24. Ne5 Na5 25. Qc7 Rg8 26. Rf3 Rg7 27. Rxf7 Qxf7
28. Nxf7 Bb7 29. Be5 Bxe5 30. Qxe5 Rxf7 31. Qxe6 Rg7 32. Rd7 1-0

[Event "II liga SSCS 2015- zapad"]
[Site "Ravni Gaj"]
[Date "2015.10.10"]
[Round "10.1"]
[White "Mladenovic, Sasa D"]
[Black "Civric, Zdravko"]
[Result "1/2-1/2"]
[WhiteElo "2234"]
[BlackElo "2225"]
[PlyCount "94"]
[EventDate "2015.09.04"]

1. d4 Nf6 2. c4 e6 3. Nc3 Bb4 4. Qc2 O-O 5. g3 d5 6. Bg2 c5 7. a3 Bxc3+ 8. bxc3
Qa5 9. Bd2 Nc6 10. Nf3 Ne4 11. e3 b6 12. cxd5 exd5 13. c4 Nxd2 14. Qxd2 dxc4
15. Qxa5 Nxa5 16. dxc5 Bb7 17. cxb6 axb6 18. O-O Nb3 19. Ra2 Rfd8 20. Nd4 Bxg2
21. Kxg2 Nxd4 22. exd4 Rxd4 23. Rb1 Rd6 24. Rb4 Rc6 25. Rc2 Rxa3 26. Rcxc4 Rxc4
27. Rxc4 Ra8 28. Kf3 g6 29. Rb4 Rb8 30. Ke4 Re8+ 31. Kf4 Re6 32. Rc4 Kg7 33.
Rc7 Kf6 34. Rb7 g5+ 35. Kf3 h5 36. h3 Kg6 37. Rb8 Kf5 38. Rh8 g4+ 39. Kg2 gxh3+
40. Kxh3 Kg6 41. Kh4 Re1 42. Rg8+ Kf6 43. Kxh5 Rb1 44. Rb8 Kf5 45. Kh6 Rb2 46.
Kg7 Rxf2 47. Rxb6 Kg4 1/2-1/2

[Event "II liga SSCS 2015- zapad"]
[Site "Ravni Gaj"]
[Date "2015.10.10"]
[Round "10.1"]
[White "Pecinar, Zoran"]
[Black "Stojkovic, Predrag S"]
[Result "1-0"]
[WhiteElo "2156"]
[BlackElo "2209"]
[PlyCount "95"]
[EventDate "2015.09.04"]

1. c4 Nf6 2. Nf3 c6 3. g3 g6 4. Bg2 Bg7 5. O-O O-O 6. d3 d5 7. Qc2 dxc4 8. Qxc4
Nbd7 9. Nc3 Qa5 10. Bd2 Ne5 11. Qh4 Nxf3+ 12. Bxf3 Qf5 13. Rac1 Qh3 14. Qxh3
Bxh3 15. Rfe1 Be6 16. b3 Rac8 17. Na4 Nd7 18. Be3 a6 19. Rc2 Be5 20. Rec1 Bd6
21. Nb6 Nxb6 22. Bxb6 Ba3 23. Rd1 Bd6 24. Bc5 Bxc5 25. Rxc5 Rcd8 26. Rdc1 Rd4
27. Kf1 Rfd8 28. Ke1 Kf8 29. Kd2 R4d6 30. R1c2 Bd5 31. Bxd5 Rxd5 32. b4 Ke8 33.
a4 e6 34. R2c3 Kd7 35. a5 Kc7 36. R3c4 Rd4 37. Kc3 Rxc4+ 38. Rxc4 Rd5 39. e4
Rh5 40. h4 Kd6 41. f4 Rb5 42. g4 c5 43. g5 cxb4+ 44. Rxb4 Kc6 45. Ra4 Rc5+ 46.
Kd4 b5 47. axb6 Kxb6 48. Rxa6+ 1-0

[Event "II liga SSCS 2015- zapad"]
[Site "Ravni Gaj"]
[Date "2015.10.10"]
[Round "10.1"]
[White "Zivanovic, Bojan"]
[Black "Knezevic, Veljko"]
[Result "1/2-1/2"]
[WhiteElo "2070"]
[BlackElo "2019"]
[PlyCount "118"]
[EventDate "2015.09.04"]

1. e4 c5 2. Nf3 Nc6 3. d4 cxd4 4. Nxd4 g6 5. c4 Bg7 6. Be3 Nf6 7. Nc3 O-O 8.
Be2 d6 9. O-O Bd7 10. h3 Nxd4 11. Bxd4 Bc6 12. Qd3 Nd7 13. Bxg7 Kxg7 14. b3 Qb6
15. Kh2 a5 16. Rab1 f5 17. Nd5 Bxd5 18. exd5 Ne5 19. Qc3 f4 20. a3 Qc7 21. Rbc1
b6 22. Rc2 Ra7 23. b4 axb4 24. axb4 Rfa8 25. Rfc1 Kg8 26. Qd2 Rf8 27. Bg4 Ra3
28. Be6+ Kg7 29. Rc3 Ra4 30. Qb2 Qa7 31. R3c2 Rf6 32. Rd2 Ra3 33. Qd4 Ra4 34.
Qb2 Ra3 35. Qb1 Qa4 36. c5 bxc5 37. bxc5 dxc5 38. Qb8 Nf7 39. Rxc5 Qa7 40. Qc8
Qa6 41. Qxa6 Rxa6 42. Rc7 Kf8 43. Rb2 Ra8 44. Rcb7 Nd6 45. Rb8+ Rxb8 46. Rxb8+
Kg7 47. Ra8 Nf5 48. Ra7 Kf8 49. Ra8+ Kg7 50. Rg8+ Kh6 51. Re8 Kg5 52. Bxf5 Rxf5
53. Rxe7 Rxd5 54. Rxh7 Rd1 55. Ra7 Rf1 56. Ra5+ Kf6 57. Ra2 Kg5 58. Ra5+ Kf6
59. Ra4 g5 1/2-1/2

[Event "II liga SSCS 2015- zapad"]
[Site "Ravni Gaj"]
[Date "2015.10.10"]
[Round "10.1"]
[White "Zivanic, Slobodan"]
[Black "Novakovic, Slobodan"]
[Result "1-0"]
[WhiteElo "2201"]
[BlackElo "2138"]
[PlyCount "97"]
[EventDate "2015.09.04"]

1. e4 d6 2. d4 Nf6 3. Nc3 g6 4. Bg5 c6 5. Qd2 Nbd7 6. O-O-O Qc7 7. f3 b5 8. g4
a6 9. h4 h6 10. Bf4 e5 11. dxe5 dxe5 12. Bg3 Bb7 13. Bh3 Nb6 14. Qh2 Nfd7 15.
f4 Bg7 16. Nf3 f6 17. fxe5 fxe5 18. h5 g5 19. Nd4 Kf7 20. Rhf1+ Kg8 21. Ne6 Qb8
22. Qf2 Qe8 23. Nc7 Qe7 24. Nxa8 Bxa8 25. Qf5 Bb7 26. Rd3 Bc8 27. Rfd1 Nf8 28.
Qf2 Nbd7 29. Rd6 b4 30. Na4 Nf6 31. Qe2 Nxh5 32. gxh5 Bxh3 33. Nc5 Qf7 34. Rxc6
a5 35. Kb1 Kh7 36. Qh2 Bg4 37. Rc1 Qe8 38. Rc7 Kg8 39. Rxg7+ Kxg7 40. Bxe5+ Kh7
41. Bxh8 Kxh8 42. Qg2 Bc8 43. Qf2 Nh7 44. Qd4+ Kg8 45. e5 g4 46. e6 Qc6 47. Re1
g3 48. Nd7 g2 49. Nc5 1-0

[Event "II liga SSCS 2015- zapad"]
[Site "Ravni Gaj"]
[Date "2015.10.10"]
[Round "10.1"]
[White "Milanovic, Predrag"]
[Black "Pavkov, Nebojsa"]
[Result "1/2-1/2"]
[WhiteElo "2145"]
[BlackElo "2245"]
[PlyCount "72"]
[EventDate "2015.09.04"]

1. d4 d6 2. c4 f5 3. Nc3 Nf6 4. g3 g6 5. Bg2 Bg7 6. Nf3 O-O 7. O-O c6 8. Qc2
Qe8 9. d5 e5 10. dxe6 Bxe6 11. b3 d5 12. cxd5 Nxd5 13. Bb2 Nb4 14. Qc1 Nd7 15.
Na4 Nf6 16. Nc5 Bd5 17. a3 b6 18. axb4 bxc5 19. bxc5 Bxb3 20. Be5 Bd5 21. Bd6
Rf7 22. Rb1 Ne4 23. Ng5 Nc3 24. Bxd5 cxd5 25. Rb2 Rb7 26. Re1 Rxb2 27. Qxb2 Ne4
28. Qc1 Nxd6 29. cxd6 Rc8 30. Qa3 Qd7 31. Rd1 Rc6 32. Rxd5 Bf8 33. Qa2 Kg7 34.
Qb2+ Kg8 35. Qa2 Kg7 36. Qb2+ Kg8 1/2-1/2

[Event "II liga SSCS 2015- zapad"]
[Site "Ravni Gaj"]
[Date "2015.10.10"]
[Round "10.2"]
[White "Nestorovic, Lazar"]
[Black "Bojovic, Dusan"]
[Result "1-0"]
[WhiteElo "2333"]
[BlackElo "2275"]
[PlyCount "131"]
[EventDate "2015.09.04"]

1. e4 c5 2. Nc3 Nc6 3. Bb5 g6 4. Bxc6 dxc6 5. d3 Bg7 6. Be3 b6 7. Qd2 e5 8.
O-O-O Nf6 9. Bh6 Bxh6 10. Qxh6 Ng4 11. Qd2 Qd4 12. Rf1 h6 13. h3 Nf6 14. f4 Nd7
15. Nf3 Qd6 16. Kb1 f6 17. Nh4 Nf8 18. Ne2 g5 19. fxe5 fxe5 20. Nf5 Bxf5 21.
Rxf5 O-O-O 22. Qc3 Nd7 23. Rhf1 Qe6 24. Ng3 Rhg8 25. Rf7 Rdf8 26. Qb3 Qxb3 27.
axb3 Rxf7 28. Rxf7 Rg6 29. Nf5 Kd8 30. Rh7 Nf8 31. Rxa7 Rf6 32. g3 h5 33. Rg7
Ng6 34. Rh7 h4 35. Rh5 g4 36. hxg4 hxg3 37. Nxg3 Rf3 38. Nf5 Rf1+ 39. Ka2 Nf4
40. Rh8+ Kd7 41. Ne3 Rf2 42. g5 b5 43. Ng4 Rxc2 44. Nxe5+ Ke7 45. Nxc6+ Kd7 46.
Ne5+ Kd6 47. Re8 Rg2 48. Nf7+ Kd7 49. Re5 Kc6 50. Rf5 Nxd3 51. Ne5+ Nxe5 52.
Rxe5 Kd6 53. Rd5+ Kc6 54. Rf5 Rg4 55. e5 b4 56. e6 Re4 57. g6 Rxe6 58. Rg5 Re8
59. g7 Rg8 60. Kb1 Kd6 61. Kc2 Ke6 62. Kd3 Kf6 63. Rg2 Ke5 64. Kc4 Kd6 65. Rg6+
Kc7 66. Kxc5 1-0

[Event "II liga SSCS 2015- zapad"]
[Site "Ravni Gaj"]
[Date "2015.10.10"]
[Round "10.2"]
[White "Toth, Aleksandar"]
[Black "Misic, Dragan"]
[Result "1/2-1/2"]
[WhiteElo "2326"]
[BlackElo "2250"]
[PlyCount "130"]
[EventDate "2015.09.04"]

1. e4 c6 2. d3 d5 3. Nd2 e5 4. Ngf3 Bg4 5. h3 Bxf3 6. Qxf3 Nf6 7. g3 Nbd7 8.
Bg2 Be7 9. O-O O-O 10. Re1 dxe4 11. dxe4 Qc7 12. a4 Nc5 13. Nc4 Ne6 14. c3 Rfd8
15. Qf5 Nd7 16. b4 g6 17. Qf3 Bf8 18. a5 Bg7 19. h4 h5 20. Bh3 Ndf8 21. Be3 Qe7
22. Rad1 c5 23. b5 Nc7 24. Rxd8 Rxd8 25. b6 axb6 26. Nxb6 Nfe6 27. Bf1 Ne8 28.
Nd5 Qf8 29. Rb1 Nd6 30. Bh3 Nc4 31. Rxb7 Nxa5 32. Ne7+ Kh7 33. Ra7 Nc4 34. Bxe6
fxe6 35. Qxf8 Rxf8 36. Bxc5 Rf7 37. Nc6 Rxa7 38. Bxa7 Nd2 39. Nd8 Nxe4 40. c4
Nd6 41. c5 Nc8 42. Bb6 Bf6 43. Nxe6 Kg8 44. Bd8 Bh8 45. Bg5 Kf7 46. Nd8+ Ke8
47. c6 e4 48. Kf1 Be5 49. Ke2 Na7 50. Ke3 Bc7 51. Ne6 Bb6+ 52. Kxe4 Bxf2 53. c7
Bxg3 54. Bd8 Nc8 55. Kd5 Kf7 56. Ng5+ Ke8 57. Ne6 Kf7 58. Nc5 Bd6 59. Nb7 Bg3
60. Na5 g5 61. hxg5 h4 62. Ke4 h3 63. Kf3 h2 64. Kg2 Kg6 65. Nc6 Bxc7 1/2-1/2

[Event "II liga SSCS 2015- zapad"]
[Site "Ravni Gaj"]
[Date "2015.10.10"]
[Round "10.2"]
[White "Stojanovic, Dobrisav"]
[Black "Jovanovic, Miroslav O"]
[Result "1-0"]
[WhiteElo "2298"]
[BlackElo "2091"]
[PlyCount "81"]
[EventDate "2015.09.04"]

1. d4 Nf6 2. c4 e6 3. Nf3 d5 4. Nc3 c6 5. Bg5 Be7 6. e3 O-O 7. Qc2 Nbd7 8. Bd3
Re8 9. cxd5 exd5 10. O-O h6 11. Bf4 Nf8 12. h3 Bd6 13. Ne5 Qe7 14. Rae1 N6d7
15. Nf3 Nf6 16. Bxd6 Qxd6 17. Ne5 a6 18. Na4 N8d7 19. f4 b5 20. Nc3 c5 21. g4
c4 22. Bf5 Kf8 23. g5 b4 24. gxf6 bxc3 25. fxg7+ Kxg7 26. Qg2+ Kf8 27. bxc3 Nf6
28. Bxc8 Raxc8 29. Rb1 Rb8 30. Kh1 Rxb1 31. Rxb1 Qe6 32. f5 Qd6 33. Qg3 Ne4 34.
Qf4 Re7 35. a4 a5 36. h4 h5 37. Kh2 Ke8 38. Qh6 Rd7 39. Rb8+ Rd8 40. Qh8+ Ke7
41. Rxd8 1-0

[Event "II liga SSCS 2015- zapad"]
[Site "Ravni Gaj"]
[Date "2015.10.10"]
[Round "10.2"]
[White "Jovanovic, Obrad"]
[Black "Zivkovic, Dejan"]
[Result "0-1"]
[WhiteElo "2080"]
[BlackElo "2291"]
[PlyCount "44"]
[EventDate "2015.09.04"]

1. e4 c6 2. d3 d5 3. Nd2 g6 4. g3 Bg7 5. Bg2 e5 6. c3 Ne7 7. Qe2 Nd7 8. Ngf3
O-O 9. O-O h6 10. b3 b5 11. Bb2 Bb7 12. Rfd1 Qb6 13. Rac1 f5 14. Bh3 g5 15.
exf5 Nxf5 16. c4 Rae8 17. Ba3 b4 18. Bb2 e4 19. Bxg7 exf3 20. Qf1 Kxg7 21. Nxf3
Ne5 22. Nxe5 Rxe5 0-1

[Event "II liga SSCS 2015- zapad"]
[Site "Ravni Gaj"]
[Date "2015.10.10"]
[Round "10.2"]
[White "Ignjatovic, Predrag"]
[Black "Radenkovic, Aleksa"]
[Result "1-0"]
[WhiteElo "2263"]
[BlackElo "1947"]
[PlyCount "84"]
[EventDate "2015.09.04"]

1. e4 c5 2. Nc3 e6 3. g3 a6 4. Bg2 Qc7 5. a4 Nc6 6. Nge2 Nf6 7. O-O Be7 8. h3
O-O 9. f4 d6 10. g4 Rd8 11. d3 Rb8 12. Ng3 b5 13. axb5 axb5 14. g5 Ne8 15. Qf3
Nd4 16. Qf2 b4 17. Nd1 Bd7 18. Ne3 Ra8 19. Rxa8 Rxa8 20. Ng4 Ra2 21. f5 f6 22.
h4 Ba4 23. Ne3 e5 24. Kh1 Qd8 25. Ng4 Bxc2 26. Qe3 Ra1 27. Nh5 Nb3 28. Qe2 Nd4
29. Qd2 Bb3 30. Bh3 Nc6 31. Nxg7 Nxg7 32. gxf6 Bxf6 33. Qh6 Kh8 34. Nxf6 Bg8
35. Rg1 Ra7 36. Nxg8 Qxg8 37. f6 Nd4 38. fxg7+ Rxg7 39. Qf6 Ne2 40. Be6 Nxg1
41. Bxg8 Kxg8 42. Bh6 Rf7 1-0

[Event "II liga SSCS 2015- zapad"]
[Site "Ravni Gaj"]
[Date "2015.10.10"]
[Round "10.2"]
[White "Djukic, Sinisa"]
[Black "Savic, Dragan"]
[Result "0-1"]
[WhiteElo "1999"]
[BlackElo "2116"]
[PlyCount "134"]
[EventDate "2015.09.04"]

1. d4 Nf6 2. Nf3 e6 3. Bg5 d5 4. e3 Nbd7 5. c4 c6 6. Nc3 Qa5 7. Qc2 Bb4 8. Nd2
b6 9. Bxf6 Nxf6 10. a3 Bxc3 11. Qxc3 Qxc3 12. bxc3 Ba6 13. f3 O-O 14. Kf2 Rfe8
15. cxd5 Bxf1 16. Rhxf1 cxd5 17. c4 e5 18. dxe5 Rxe5 19. Rac1 Rd8 20. Rfd1 Nd7
21. Nb3 Nf8 22. c5 Re7 23. cxb6 axb6 24. Rc6 Ra7 25. Rxb6 Rxa3 26. Nd4 Re8 27.
Rb3 Ra2+ 28. Ne2 Rc8 29. Rbd3 Rcc2 30. Re1 Rc5 31. Red1 Rcc2 32. Re1 Ra5 33.
Rc1 Rxc1 34. Nxc1 Ng6 35. Rd2 f6 36. Ne2 Kf7 37. g3 Ne7 38. Nd4 Ra7 39. h4 g6
40. g4 h5 41. gxh5 gxh5 42. Nb5 Rd7 43. Nd4 Ra7 44. Ne2 Ke6 45. Nf4+ Ke5 46.
Nxh5 Ng6 47. f4+ Ke6 48. Kg3 Rh7 49. Kg4 f5+ 50. Kg5 Nh8 51. Ra2 Nf7+ 52. Kg6
Rh6+ 53. Kg7 Rxh5 54. Rh2 Nd6 55. Kg6 Rh8 56. Kg7 Ra8 57. h5 Ne8+ 58. Kg6 Nf6
59. Rb2 Rg8+ 60. Kh6 Rg3 61. Rb6+ Ke7 62. Rb3 Ng4+ 63. Kh7 Rxe3 64. Rb7+ Kf6
65. Kg8 Re8+ 66. Kh7 Re7+ 67. Rxe7 Kxe7 0-1

[Event "II liga SSCS 2015- zapad"]
[Site "Ravni Gaj"]
[Date "2015.10.10"]
[Round "10.2"]
[White "Kojic, Djordje"]
[Black "Bojovic, Zoran"]
[Result "0-1"]
[WhiteElo "1915"]
[BlackElo "2087"]
[PlyCount "100"]
[EventDate "2015.09.04"]

1. d4 Nf6 2. c4 g6 3. Nc3 Bg7 4. e4 d6 5. f4 O-O 6. Nf3 c5 7. d5 a6 8. a4 Qc7
9. Be2 e6 10. O-O exd5 11. cxd5 Nbd7 12. Nd2 b6 13. Nc4 Re8 14. Bf3 Rb8 15. Re1
b5 16. axb5 axb5 17. Nxd6 Qxd6 18. e5 Qe7 19. Be3 b4 20. exf6 Bxf6 21. d6 Qd8
22. Nd5 Bxb2 23. Ne7+ Rxe7 24. dxe7 Qxe7 25. Rb1 Bc3 26. Bd2 Bd4+ 27. Kh1 Qf6
28. Re8+ Kg7 29. Bg4 Nb6 30. Bxc8 Rxc8 31. Rxc8 Nxc8 32. Qc2 Ne7 33. Qc4 Nf5
34. Rb3 Qe7 35. Qf1 Qe6 36. Rb1 b3 37. Qf3 c4 38. Bb4 Ne3 39. Qa8 Qd5 40. Qf8+
Kf6 41. Qe7+ Kf5 42. Qg5+ Ke4 43. Qe7+ Kd3 44. Qg5 b2 45. Qg3 Qxg2+ 46. Qxg2
Nxg2 47. Kxg2 Kc2 48. Rf1 b1=Q 49. Rxb1 Kxb1 50. Kf3 c3 0-1

[Event "II liga SSCS 2015- zapad"]
[Site "Ravni Gaj"]
[Date "2015.10.10"]
[Round "10.2"]
[White "Djukic, Sasa"]
[Black "Nenadovic, Ljubisa"]
[Result "0-1"]
[WhiteElo "1978"]
[BlackElo "2137"]
[PlyCount "102"]
[EventDate "2015.09.04"]

1. d4 Nf6 2. Bg5 Ne4 3. h4 c5 4. dxc5 Qa5+ 5. Nd2 e6 6. e3 Nxd2 7. Qxd2 Qxd2+
8. Kxd2 Bxc5 9. Bd3 d5 10. Nh3 e5 11. h5 h6 12. Bh4 Nc6 13. f3 a6 14. g4 e4 15.
fxe4 Ne5 16. Nf2 d4 17. exd4 Bxd4 18. c3 Bb6 19. Bg3 Nxg4 20. Nxg4 Bxg4 21. Be5
Rg8 22. Bd4 Bd8 23. Rag1 Bg5+ 24. Kc2 Be6 25. a3 O-O-O 26. Bf1 Rde8 27. Rh2 f6
28. Be2 Re7 29. a4 Kb8 30. Bg4 Rge8 31. Kd3 Bb3 32. Bf5 Bxa4 33. Rg4 Rd8 34.
Bg6 Bc6 35. Rf2 Red7 36. Rf3 Bb5+ 37. Kc2 Be2 38. Rgg3 Bxf3 39. Rxf3 Ka8 40.
Bf5 Re7 41. Rf2 b5 42. Rf1 Kb7 43. Rf2 a5 44. Rf1 a4 45. Bg4 Rc7 46. Rf5 Rxd4
47. Rxb5+ Ka6 48. Rb8 Rd2+ 49. Kb1 Rb7 50. Bc8 Rdxb2+ 51. Ka1 Ka7 0-1

[Event "II liga SSCS 2015- zapad"]
[Site "Ravni Gaj"]
[Date "2015.10.10"]
[Round "10.3"]
[White "Stojanovic, Marko"]
[Black "Bzenic, Dejan"]
[Result "1-0"]
[WhiteElo "2291"]
[BlackElo "2315"]
[PlyCount "65"]
[EventDate "2015.09.04"]

1. e4 e5 2. Nf3 Nc6 3. Bb5 f5 4. d3 fxe4 5. dxe4 d6 6. Qd3 Nf6 7. Bg5 h6 8.
Bxf6 Qxf6 9. Nc3 Bd7 10. Nd5 Qd8 11. a3 Ne7 12. Bc4 c6 13. Ne3 Qc7 14. O-O-O
Ng6 15. Qb3 O-O-O 16. Bf7 Nf4 17. g3 Nh3 18. Rd2 Be7 19. Rhd1 Ng5 20. Nxg5 hxg5
21. f3 Qb6 22. Qc3 Rhf8 23. Nd5 Rxf7 24. Nxb6+ axb6 25. Rxd6 Bxd6 26. Rxd6 Re8
27. Rg6 g4 28. Qc4 Ref8 29. f4 exf4 30. gxf4 Rxf4 31. b3 R4f7 32. Qd4 b5 33.
Rg5 1-0

[Event "II liga SSCS 2015- zapad"]
[Site "Ravni Gaj"]
[Date "2015.10.10"]
[Round "10.3"]
[White "Aleksic, Milan"]
[Black "Ljubinkovic, Miodrag"]
[Result "1/2-1/2"]
[WhiteElo "2246"]
[BlackElo "2256"]
[PlyCount "85"]
[EventDate "2015.09.04"]

1. e4 c6 2. d4 d5 3. Nc3 dxe4 4. Nxe4 Nf6 5. Nxf6+ exf6 6. Nf3 Bg4 7. Be2 Bd6
8. h3 Bh5 9. O-O O-O 10. Nh4 Bg6 11. Bf3 Na6 12. c3 Nc7 13. Qb3 Rb8 14. Re1 f5
15. g3 f4 16. Kg2 fxg3 17. fxg3 Ne6 18. Nxg6 hxg6 19. Bg4 Ng5 20. Bd2 Kh8 21.
h4 Nh7 22. h5 g5 23. Qc2 Qc7 24. Re3 c5 25. Qf5 cxd4 26. cxd4 Rbe8 27. Rae1
Rxe3 28. Rxe3 Be7 29. Bc3 Bf6 30. Bf3 Rd8 31. Be4 Nf8 32. h6 Qd7 33. Qf3 Qd6
34. hxg7+ Kxg7 35. Bxb7 Bxd4 36. Rd3 Ne6 37. Qf5 Qb6 38. Be4 Bxc3 39. Rxd8 Qxd8
40. bxc3 Qd2+ 41. Qf2 Qxc3 42. Qxa7 Nc5 43. Bf3 1/2-1/2

[Event "II liga SSCS 2015- zapad"]
[Site "Ravni Gaj"]
[Date "2015.10.10"]
[Round "10.3"]
[White "Djuric, Zoran"]
[Black "Markovic, Sasa"]
[Result "1-0"]
[WhiteElo "2215"]
[BlackElo "2116"]
[PlyCount "87"]
[EventDate "2015.09.04"]

1. e4 c5 2. c3 e6 3. d4 d5 4. e5 Nc6 5. Bb5 Bd7 6. Bxc6 Bxc6 7. Ne2 Qb6 8. O-O
Ne7 9. dxc5 Qxc5 10. Be3 Qa5 11. Nd4 g6 12. Nd2 Bg7 13. f4 O-O 14. h4 Nf5 15.
Nxf5 exf5 16. Bd4 Bb5 17. Rf3 Qa6 18. Re3 Bd3 19. h5 Be4 20. hxg6 hxg6 21. Rh3
Qe6 22. Kf2 Rfc8 23. Nf3 Bxf3 24. Rxf3 b6 25. Rd3 Rd8 26. Qb3 Rd7 27. Rad1 Rad8
28. a4 g5 29. fxg5 Bxe5 30. Re1 Bxd4+ 31. Rxd4 Qg6 32. Re5 Qxg5 33. Qd1 Rd6 34.
Qf3 Rf6 35. Qg3 Qg6 36. Rexd5 Re8 37. Rd8 Rfe6 38. Rxe8+ Rxe8 39. Qxg6+ fxg6
40. Rd7 Re4 41. Rxa7 Re6 42. Kf3 g5 43. a5 Rd6 44. axb6 1-0

[Event "II liga SSCS 2015- zapad"]
[Site "Ravni Gaj"]
[Date "2015.10.10"]
[Round "10.3"]
[White "Zivanovic, Blagoje"]
[Black "Ilic, Zdravko"]
[Result "1/2-1/2"]
[WhiteElo "1948"]
[BlackElo "2131"]
[PlyCount "44"]
[EventDate "2015.09.04"]

1. e4 d6 2. g3 Nf6 3. Bg2 g6 4. Ne2 Bg7 5. d3 O-O 6. O-O e5 7. c4 Na6 8. Nbc3
c6 9. f4 Qb6+ 10. Kh1 Ng4 11. Na4 Nf2+ 12. Kg1 Nh3+ 13. Kh1 Nf2+ 14. Kg1 Nxd1+
15. Nxb6 axb6 16. Rxd1 Bg4 17. Kf1 Nb4 18. a3 Nc2 19. Rb1 f5 20. h3 Bh5 21. Rd2
Ne3+ 22. Kf2 Nxg2 1/2-1/2

[Event "II liga SSCS 2015- zapad"]
[Site "Ravni Gaj"]
[Date "2015.10.10"]
[Round "10.3"]
[White "Rikalovic, Dimitrije"]
[Black "Zajic, Milun"]
[Result "1/2-1/2"]
[WhiteElo "1996"]
[BlackElo "2037"]
[PlyCount "97"]
[EventDate "2015.09.04"]

1. c4 c5 2. Nc3 Nc6 3. Nf3 Nf6 4. d4 cxd4 5. Nxd4 g6 6. e4 d6 7. Be2 Bg7 8. O-O
O-O 9. Be3 Nd7 10. Qd2 a6 11. f4 Bxd4 12. Bxd4 Nxd4 13. Qxd4 Qb6 14. Rad1 Qxd4+
15. Rxd4 Nb6 16. b4 Rb8 17. Rc1 Be6 18. Nd5 Bxd5 19. exd5 Rfc8 20. c5 Rc7 21.
Kf2 Rbc8 22. Rb1 Nd7 23. c6 bxc6 24. Bxa6 Ra8 25. dxc6 Rxa6 26. cxd7 Rxa2+ 27.
Kf3 Rxd7 28. b5 Rb7 29. b6 Rc2 30. Ra4 Rc8 31. Ra7 Rcb8 32. Ra6 Kf8 33. Ke4 Ke8
34. Kd5 Kd7 35. g4 e6+ 36. Kd4 Kc6 37. Ra7 f6 38. h4 e5+ 39. fxe5 fxe5+ 40. Ke4
Rxa7 41. bxa7 Ra8 42. Rc1+ Kb7 43. Kd5 Rd8 44. Rf1 Kxa7 45. Rf7+ Kb6 46. Rxh7
Re8 47. Kxd6 e4 48. Rf7 e3 49. Rf1 1/2-1/2

[Event "II liga SSCS 2015- zapad"]
[Site "Ravni Gaj"]
[Date "2015.10.10"]
[Round "10.3"]
[White "Jovanovic, Milovan"]
[Black "Savic, Petar A"]
[Result "0-1"]
[WhiteElo "2140"]
[BlackElo "2113"]
[PlyCount "50"]
[EventDate "2015.09.04"]

1. d4 Nf6 2. Nf3 e6 3. c4 d5 4. e3 Be7 5. Nc3 O-O 6. cxd5 exd5 7. Bd3 Bg4 8. h3
Bh5 9. g4 Bg6 10. Ne5 Bxd3 11. Qxd3 c5 12. dxc5 Nc6 13. Nxc6 bxc6 14. Qd4 Nd7
15. Qa4 Qc7 16. O-O Nxc5 17. Qc2 Qd6 18. Bd2 Qf6 19. Kg2 Qh4 20. b4 Ne6 21. Ne2
Ng5 22. Rh1 Ne4 23. Be1 Bxb4 24. f3 Bxe1 25. Rhxe1 Qf2+ 0-1

[Event "II liga SSCS 2015- zapad"]
[Site "Ravni Gaj"]
[Date "2015.10.10"]
[Round "10.3"]
[White "Rikalovic, Milan"]
[Black "Djokovic, Ivan"]
[Result "1/2-1/2"]
[WhiteElo "2045"]
[BlackElo "2153"]
[PlyCount "35"]
[EventDate "2015.09.04"]

1. e4 e5 2. Nf3 d6 3. Bc4 Be7 4. h3 Nf6 5. d3 O-O 6. Nc3 c6 7. O-O b5 8. Bb3 a6
9. a3 Nbd7 10. Ne2 Nc5 11. c3 Nxb3 12. Qxb3 Qc7 13. Qc2 Be6 14. Ng5 Bd7 15. f4
c5 16. Ng3 Rae8 17. Be3 Qc8 18. Nf3 1/2-1/2

[Event "II liga SSCS 2015- zapad"]
[Site "Ravni Gaj"]
[Date "2015.10.10"]
[Round "10.3"]
[White "Markovic, Miroslav R"]
[Black "Gajic, Aleksandar"]
[Result "1/2-1/2"]
[WhiteElo "2080"]
[BlackElo "1701"]
[PlyCount "96"]
[EventDate "2015.09.04"]

1. d4 Nf6 2. c4 g6 3. Nc3 Bg7 4. e4 d6 5. f3 O-O 6. Be3 c6 7. Qd2 e5 8. d5 cxd5
9. cxd5 Ne8 10. g4 Nd7 11. h4 Nb6 12. h5 Qc7 13. Nb5 Qd8 14. hxg6 fxg6 15. Qh2
Nf6 16. Bg5 Kf7 17. Rc1 Qe7 18. Rc7 Nbd7 19. Qd2 a6 20. Na3 Kg8 21. Bh3 Qd8 22.
Rc2 Nc5 23. b4 Na4 24. Nc4 b5 25. Na5 Bd7 26. Bh6 Rc8 27. Bxg7 Kxg7 28. Nc6 Qe8
29. Qh2 Rc7 30. Bf1 Bxc6 31. Qh6+ Kg8 32. Nh3 Rff7 33. Qc1 Qd7 34. dxc6 Qe7 35.
Qd2 Nb6 36. Qe3 Nc8 37. Ng5 Rg7 38. Qb3+ Kh8 39. Ne6 Na7 40. Nxc7 Qxc7 41. a4
Qb6 42. axb5 axb5 43. Qe6 Qe3+ 44. Be2 Nxe4 45. c7 Qf2+ 46. Kd1 Qd4+ 47. Ke1
Qf2+ 48. Kd1 Qd4+ 1/2-1/2

[Event "II liga SSCS 2015- zapad"]
[Site "Ravni Gaj"]
[Date "2015.10.10"]
[Round "10.4"]
[White "Kotlaja, Nikola"]
[Black "Radovanovic, Jovica"]
[Result "0-1"]
[WhiteElo "1632"]
[BlackElo "2333"]
[PlyCount "42"]
[EventDate "2015.09.04"]

1. c4 Nf6 2. Nc3 e5 3. e3 d6 4. d4 Nbd7 5. d5 g6 6. e4 Bg7 7. Nf3 O-O 8. Bg5 h6
9. Bh4 g5 10. Bg3 Nh5 11. Be2 Nf4 12. O-O a5 13. b3 Nc5 14. h4 f5 15. Bxf4 exf4
16. Rc1 fxe4 17. Nd2 Bf5 18. Bg4 Bh7 19. hxg5 Qxg5 20. Be6+ Kh8 21. f3 Bd4+ 0-1

[Event "II liga SSCS 2015- zapad"]
[Site "Ravni Gaj"]
[Date "2015.10.10"]
[Round "10.4"]
[White "Drcelic, Sreten"]
[Black "Marjanovic, Ivan D"]
[Result "1/2-1/2"]
[WhiteElo "2254"]
[BlackElo "1985"]
[PlyCount "31"]
[EventDate "2015.09.04"]

1. Nf3 d5 2. g3 c6 3. Bg2 Nf6 4. O-O Bf5 5. d3 e6 6. c3 Nbd7 7. Qc2 Be7 8. Nh4
Bg6 9. Nxg6 hxg6 10. Nd2 O-O 11. e4 dxe4 12. dxe4 Nc5 13. Nb3 Qc7 14. Bf4 e5
15. Be3 Nxb3 16. axb3 1/2-1/2

[Event "II liga SSCS 2015- zapad"]
[Site "Ravni Gaj"]
[Date "2015.10.10"]
[Round "10.5"]
[White "Matovic, Petar"]
[Black "Vujovic, Radojica"]
[Result "0-1"]
[WhiteElo "2165"]
[BlackElo "2118"]
[PlyCount "64"]
[EventDate "2015.09.04"]

1. d4 Nf6 2. Nf3 e6 3. Bf4 b6 4. e3 Bb7 5. Nbd2 Be7 6. Bd3 Nh5 7. O-O Nxf4 8.
exf4 f5 9. Ne5 O-O 10. Re1 Qe8 11. Re3 Nc6 12. c3 Nxe5 13. fxe5 Rd8 14. f4 c5
15. Qe2 cxd4 16. cxd4 Kh8 17. Rh3 d6 18. Bb5 Qg6 19. Nf3 Qg4 20. Bc4 Qxf4 21.
Bxe6 g5 22. exd6 Bxd6 23. Rh5 Bxf3 24. Qxf3 Qxd4+ 25. Kh1 Be7 26. h3 Qf6 27.
Re1 Bb4 28. Re2 Bc5 29. Qb7 Qg6 30. Qf3 g4 31. Qf4 Bd6 32. Re5 g3 0-1

[Event "II liga SSCS 2015- zapad"]
[Site "Ravni Gaj"]
[Date "2015.10.10"]
[Round "10.5"]
[White "Milovanovic, Pantelija"]
[Black "Markovic, Aleksandar"]
[Result "1-0"]
[WhiteElo "2110"]
[BlackElo "2200"]
[PlyCount "74"]
[EventDate "2015.09.04"]

1. e4 c5 2. c3 d5 3. exd5 Qxd5 4. d4 Nc6 5. Nf3 Bf5 6. Be3 cxd4 7. Nxd4 Nf6 8.
Qb3 Qxb3 9. axb3 Nxd4 10. Bxd4 a6 11. Nd2 g6 12. Bb5+ Bd7 13. Bxd7+ Kxd7 14.
Nc4 Rd8 15. O-O Bg7 16. Bb6 Rc8 17. Rad1+ Ke8 18. Rfe1 Kf8 19. Ne5 Ke8 20. b4
e6 21. c4 h5 22. h3 h4 23. b3 Rh5 24. Nf3 Bf8 25. Bd4 Be7 26. Re3 Rd8 27. Red3
Nh7 28. Bc3 Rxd3 29. Rxd3 Nf8 30. Kh2 Rf5 31. Kg1 Rf4 32. g3 hxg3 33. fxg3 Rf5
34. Kg2 a5 35. bxa5 Rc5 36. Bb4 Rc7 37. Bxe7 Rxe7 1-0